00582 2200229 4500001002100000005001500021008004100036020001800077035002000095082001100115084001700126100002800143245005400171260002600225300002300251650002300274990001100297990001100308990001100319990001100330990001100341INLIS00000000000335120220406021758220406 g 0 ind  a979-3507-21-7 a0010-0621002951 a658.05 a658.05 HAR p1 aHarsokoesoemo, Darmawan1 aPengantar Perancangan Teknik (Perancangan Produk) aBandung :bItb,c2004 a171 hlm. ;c25 cm. 4aManajemen Produksi a025263 a025264 a025265 a025266 a025267